书目信息 |
| 题名: |
绿色建筑理念下的建筑工程设计与施工技术
|
|
| 作者: | 杨绍红 , 沈志翔 著 | |
| 分册: | ||
| 出版信息: | 北京 北京工业大学出版社 2021.6 |
|
| 页数: | 182页 | |
| 开本: | 24cm | |
| 丛书名: | ||
| 单 册: | ||
| 中图分类: | TU201.5 , TU74 | |
| 科图分类: | ||
| 主题词: | 生态建筑--建筑设计 , 生态建筑--建筑施工 | |
| 电子资源: | ||
| ISBN: | 978-7-5639-6402-4 | |
| 000 | 00975nam0 2200265 45 | |
| 001 | 012001002887 | |
| 005 | 20141010110609.0 | |
| 010 | @a978-7-5639-6402-4@dCNY59.00 | |
| 100 | @a20200116d2019 em y0chiy50 ea | |
| 101 | 0 | @achi |
| 102 | @aCN@b110000 | |
| 105 | @ay z 000yy | |
| 106 | @ar | |
| 200 | 1 | @a绿色建筑理念下的建筑工程设计与施工技术@Alv se jian zhu li nian xia de jian zhu gong cheng she ji yu shi gong ji shu@b专著@f杨绍红,沈志翔著 |
| 210 | @a北京@c北京工业大学出版社@d2021.6 | |
| 215 | @a182页@d24cm | |
| 330 | @a本书共八章,内容包括:绿色建筑工程设计与施工技术的现状、绿色建筑工程的规划设计、不同建筑类型的绿色建筑设计方法、建筑工程绿色施工基础技术、建筑工程绿色施工综合技术等。 | |
| 606 | 0 | @a生态建筑@x建筑设计 |
| 606 | 0 | @a生态建筑@x建筑施工 |
| 690 | @aTU201.5@v5 | |
| 690 | @aTU74@v5 | |
| 701 | 0 | @a杨绍红@Ayang shao hong@4著 |
| 701 | 0 | @a沈志翔@Ashen zhi xiang@4著 |
| 801 | 2 | @aCN@bBJSDL@c20211018 |
| 905 | @b1350706-9@dTU201.5@e2062@f4 | |
| 绿色建筑理念下的建筑工程设计与施工技术/杨绍红,沈志翔著.-北京:北京工业大学出版社,2021.6 |
| 182页;24cm |
| ISBN 978-7-5639-6402-4:CNY59.00 |
| 本书共八章,内容包括:绿色建筑工程设计与施工技术的现状、绿色建筑工程的规划设计、不同建筑类型的绿色建筑设计方法、建筑工程绿色施工基础技术、建筑工程绿色施工综合技术等。 |
| ● |
| 相关链接 |
|
|
|
|
正题名:绿色建筑理念下的建筑工程设计与施工技术
索取号:TU201.5/2062
 
预约/预借
| 序号 | 登录号 | 条形码 | 馆藏地/架位号 | 状态 | 备注 |
| 1 | 1350706 | 213507061 | 第二样本阅览室/ [索取号:TU201.5/2062] | 在馆 | |
| 2 | 1350707 | 213507070 | 第三借阅区/ [索取号:TU201.5/2062] | 在馆 | |
| 3 | 1350708 | 213507089 | 第三借阅区/ [索取号:TU201.5/2062] | 在馆 | |
| 4 | 1350709 | 213507098 | 第三借阅区/ [索取号:TU201.5/2062] | 在馆 |